000
00347nam a22001097a 4500
082
_a
004
100
_a
चौबे,संतोष
245
_a
ऑब्जेक्ट ओरिएंटेड प्रोग्रिंमिंग -C++
260
_a
भोपाल
_b
आईसेक्ट
_c
2024
650
_a
computer
942
_c
C. BOOKS
999
_c
68814
_d
68814